| 000 | 00818cam a22002771 4500 | ||
|---|---|---|---|
| 001 | 61108 | ||
| 005 | 20230411085930.0 | ||
| 008 | 750519s1955 xx 000 0 eng | ||
| 035 | _9(DLC) 55006638 | ||
| 035 | _a6051737 | ||
| 010 | _a 55006638 | ||
| 035 | _a(OCoLC)1343185 | ||
| 040 |
_aDLC _cFO _dDLC |
||
| 050 | 1 | 4 |
_aE185.97 _bS539 1955 |
| 082 | _a326.92 | ||
| 100 | 1 | _aSheehan, Arthur T. | |
| 245 | 0 | 0 |
_aPierre Toussaint, _ba citizen of old New York, _cby Arthur and Elizabeth Odell Sheehan. |
| 260 |
_aNew York, _bP.J. Kenedy _c[1955] |
||
| 300 |
_a257 p. _billus. _c21 cm. |
||
| 500 | _aIncludes bibliography. | ||
| 600 | 1 | 0 |
_aToussaint, Pierre, _d1766-1853? |
| 700 | 1 |
_aSheehan, Elizabeth Odell, _d1919- _ejoint author. |
|
| 942 |
_2lcc _cbk |
||
| 985 | _eOCLC REPLACEMENT | ||
| 946 | _acsexposito | ||
| 999 |
_c109534 _d109534 |
||